000
00350 a2200169 4500
001
69205
020
_a
8526257129
040
_c
Anchieta - Itaigara
100
_a
Leite, Marcia
240
1
0
_a
Lunetando
_l
por
245
1
0
_a
Lunetando
300
_a
31
362
0
_a
2005
440
1
_a
Scipione
650
4
_a
Literatura infanto-juvenil
942
_c
BK
999
_c
69205
_d
69205